Resúmenes analíticos chilenos de estudios de educación musical elaborados por instituciones de educación superior entre los años 1980 - 1986
Guardat en:
| Autor principal: | |
|---|---|
| Autor corporatiu: | |
| Format: | Llibre |
| Idioma: | espanyol |
| Publicat: |
Santiago
CPEIP
1994
|
| Col·lecció: | Serie de Estudios, 231
|
| Matèries: | |
| Etiquetes: |
Afegir etiqueta
Sense etiquetes, Sigues el primer a etiquetar aquest registre!
|
MARC
| LEADER | 00000nam a2200000 a 4500 | ||
|---|---|---|---|
| 001 | UCZ8512 | ||
| 003 | CL-VaPUC | ||
| 008 | 960121e19940600CL |||||||||||||||||spa|d | ||
| 082 | 0 | 4 | |a 372.87 |b PAR |2 21 |
| 100 | |a Paredes Soto, Myriam |e autora |9 415402 | ||
| 710 | 2 | |a CPEIP |e author |9 353829 | |
| 245 | 1 | 0 | |a Resúmenes analíticos chilenos de estudios de educación musical elaborados por instituciones de educación superior entre los años 1980 - 1986 |
| 300 | |a v | ||
| 942 | |c BK | ||
| 945 | |d 19960121 00:00:00 |a cmena | ||
| 260 | |a Santiago |b CPEIP |c 1994 | ||
| 650 | 0 | |a Educación musical |9 310072 | |
| 650 | 0 | |a Métodos de enseñanza |9 270413 | |
| 650 | 0 | |a Educación superior |9 223851 | |
| 650 | 0 | |a Educación básica |9 224933 | |
| 650 | 0 | |a Niños |9 255605 | |
| 650 | 0 | |a Investigación educacional |9 261192 | |
| 583 | |a last modification |c 19960121 00:00:00 |k Rodrigo Vera | ||
| 490 | 0 | |a Serie de Estudios, 231 | |
| 999 | |c 244385 |d 244383 | ||
| 952 | |0 0 |1 0 |4 0 |6 372_870000000000000_PAR_1994 |7 0 |8 P |9 258433 |a BIBEDU |b BIBEDU |c BIBEDU_PB |d 2019-11-19 |h v.1 |i 1622102 |o 372.87 PAR 1994 |p 1622102 |r 2024-01-25 |w 2019-11-19 |y BK |k EDU | ||
| 952 | |0 0 |1 0 |4 0 |6 372_870000000000000_PAR_1994 |7 0 |8 P |9 258434 |a BIBEDU |b BIBEDU |c BIBEDU_PB |d 2019-11-19 |h v.2 |i 1622153 |o 372.87 PAR 1994 |p 1622153 |r 2019-11-19 |w 2019-11-19 |y BK |k EDU | ||